| 000 | 01103naa a22003137a 4500 | ||
|---|---|---|---|
| 001 | BR8305215 | ||
| 003 | BR-BrBNA | ||
| 005 | 20240918175337.0 | ||
| 007 | ta | ||
| 008 | 230509b bl.||||| |||| 00| 0 por d | ||
| 040 |
_aBR-BrBNA _bpor _cBiblioteca Nacional de Agricultura |
||
| 041 | _a(Pt) | ||
| 072 |
_aH10 _b0336 _b4020 |
||
| 090 | _aH10 BR8305215 | ||
| 100 | 1 | _aMarques, G.L. | |
| 100 | 1 | _aChouene, E.C. | |
| 100 | 1 | _aGuarienti, I. | |
| 100 | 1 | _aTambasco, F.J. | |
| 111 | 1 |
_a9. Reuniao de Pesquisa de Soja da Regiao Sul _cSanta Maria, RS (Brazil) _d2-4 Aug 1983 |
|
| 245 | 1 | _aMultiplicacao de Baculovirus anticarsia, sobre a lagarta da soja, Anticarsia gemmatalis | |
| 260 | 3 |
_aPasso Fundo, RS (Brasil): _c1983. |
|
| 500 | _aSoja. Resultados de Pesquisa, 1982-1983 Passo Fundo, RS (Brasil): 1983. p. 134-135 (BR8305215-AM)H10 | ||
| 650 | _aLAGARTA | ||
| 650 | _aSOJA | ||
| 650 | _aCONTROLE BIOLOGICO | ||
| 773 | 0 |
_tSoja. Resultados de Pesquisa, 1982-1983 _wH10 BR8305215 _gPasso Fundo, RS (Brasil), 1983. p. 134-135 |
|
| 909 |
_a202404 _bLucia _c55 _dLucia Elande |
||
| 942 |
_cAM _2AGRIS |
||
| 999 |
_c316236 _d316236 |
||